000 00439nam a2200181Ia 4500
001 1298
005 20260306143718.0
008 260306t2003||||xx |||||||||||||| ||spa||
041 _aESP
082 _a193
_bK21 2003
100 _aKant, Immanuel
_eAUT
245 0 _aEl conflicto de las facultades:
_ben tres partes
260 _c2003
300 _a238 páginas :
_c17 cm.
650 _aGEN
654 _aCHU
942 _cLIB
_dJUS
_fJUS
_2ddc
_n
999 _c1298
_d1298